00412nam a2200133Ia 4500020001400000082002000014245004200034260004500076300001400121500006700135650002500202650003500227700001600262 a195634632 aRR 923.524 SEL- 0aSelected works of Govind Ballabh Pant aNew DelhibOxford University Pressc1994 axxxi, 464 aContents : Vol.2, 1994(D1456), Vol.10-18, 1998-2002 (D1464-72) aPant, Govind Ballabh aIndiavPolitics and Government aNanda, B.R.